Nhà Tây Sơn

Αποθηκεύτηκε σε:
Λεπτομέρειες βιβλιογραφικής εγγραφής
Κύριος συγγραφέας: Quách Tấn
Μορφή: Βιβλίο
Γλώσσα:Undetermined
Έκδοση: Tp. HCM Trẻ 2000
Θέματα:
Ετικέτες: Προσθήκη ετικέτας
Δεν υπάρχουν, Καταχωρήστε ετικέτα πρώτοι!
Thư viện lưu trữ: Trung tâm Học liệu Trường Đại học Cần Thơ
LEADER 00493nam a2200169Ia 4500
001 CTU_39498
008 210402s9999 xx 000 0 und d
082 |a 895.9223 
082 |b T121 
100 |a Quách Tấn 
245 0 |a Nhà Tây Sơn 
245 0 |c Quách Tấn, Quách Giao 
260 |a Tp. HCM 
260 |b Trẻ 
260 |c 2000 
650 |a historical fiction, vietnamese,vietnamese literature - 20th century 
980 |a Trung tâm Học liệu Trường Đại học Cần Thơ